000 00905nam a2200253 a 4500
001 000034998
005 20250428112126.0
008 100914s1975 mx a r 000 0 spa d
040 _aDO-SdBNP
_bspa
_cBNPHU
082 _a320.98
_bI11f, 1980
100 1 _aIanni, Octavio,
_d1926-2004
_945517
245 1 0 _aLa formación del estado populista en América Latina /
_cOctavio Ianni.
260 _aMéxico :
_bEra,
_c1975.
300 _a177, [13] p. ;
_c18 cm.
490 1 _aPopular era
_v30
500 _aIncluye referencias bibliográficas y notas al pie de las páginas
590 _aPerteneció a la biblioteca personal de Juan Isidro Jimenes Grullón
650 0 _aPopulismo
_97290
650 4 _aAutoritarismo
_zAmérica Latina
_960608
651 4 _aAmérica Latina
_xPolítica Y Gobierno
_92618
830 0 _aPopular era ;
_v30
_927371
910 _aValidado. Control de calidad MFF
049 _aBNGR
999 _c34489
_d34489